[Event "Ufa Winter Cup City"]
[Site "Ufa"]
[Date "2013.12.17"]
[Round "4.2"]
[White "Avkhadiev, Airat"]
[Black "Ivanov, Vladislav"]
[Result "0-1"]
[WhiteElo "1874"]
[BlackElo "1993"]
[PlyCount "94"]
[EventDate "2013.12.14"]
[EventType "tourn"]
[EventRounds "9"]
[EventCountry "RUS"]
[SourceTitle "EXT 2022"]
[Source "ChessBase"]
[SourceDate "2021.10.06"]
[SourceVersion "1"]
[SourceVersionDate "2021.10.06"]
[SourceQuality "1"]

1. Nf3 Nc6 2. g3 e5 3. d3 f5 4. Bg2 Bc5 5. e4 Nf6 6. exf5 0-0 7. 0-0 d6 8. Nh4 Ne7 9. g4 c6 10. h3 Ned5 11. g5 Ne8 12. Qf3 Ne7 13. f6 gxf6 14. gxf6 Nxf6 15. Bg5 Ng4 16. Qg3 Rxf2 17. Kh1 Rxf1+ 18. Bxf1 Qf8 19. Nf3 Nf2+ 20. Kh2 Nf5 21. Qg2 Qg7 22. Nc3 h6 23. Bd2 Ne3 24. Bxe3 Bxe3 25. Qxg7+ Kxg7 26. Kg3 b5 27. Re1 Bb6 28. Bg2 Bd7 29. a3 Kh8 30. Ng1 Rf8 31. Rf1 d5 32. Bf3 e4 33. Bg4 Bxg4 34. hxg4 exd3 35. cxd3 Nh1+ 36. Kg2 Rxf1 37. Kxf1 Nf2 38. Nf3 Nxg4 39. d4 Kg7 40. Ne2 Bc7 41. Ke1 Kf6 42. Kd2 Nf2 43. Kc3 Bd6 44. b4 Kf5 45. Nd2 h5 46. Nb3 h4 47. Na5 h3 0-1

[Event "Ufa Winter Cup City"]
[Site "Ufa"]
[Date "2013.12.15"]
[Round "2.1"]
[White "Sarvaretdinova, Nursel"]
[Black "Ivanov, Vladislav"]
[Result "0-1"]
[WhiteElo "1626"]
[BlackElo "1993"]
[PlyCount "106"]
[EventDate "2013.12.14"]
[EventType "tourn"]
[EventRounds "9"]
[EventCountry "RUS"]
[SourceTitle "EXT 2022"]
[Source "ChessBase"]
[SourceDate "2021.10.06"]
[SourceVersion "1"]
[SourceVersionDate "2021.10.06"]
[SourceQuality "1"]

1. e4 Nc6 2. Nf3 d5 3. exd5 Qxd5 4. Nc3 Qa5 5. Bc4 Bg4 6. h3 Qh5 7. Be2 Nf6 8. d3 e5 9. Be3 0-0-0 10. Ng5 Bxe2 11. Qxe2 Qxe2+ 12. Nxe2 Rd7 13. 0-0-0 Nd5 14. Ne4 f5 15. N4c3 Nf6 16. f3 Bb4 17. Rhf1 Nd4 18. Bf2 Nxe2+ 19. Nxe2 Re8 20. Ng3 g6 21. Be1 Bf8 22. Bc3 Nd5 23. Bd2 Nf4 24. Bxf4 exf4 25. Nh1 Rde7 26. Nf2 Re2 27. Rd2 Bc5 28. Nd1 Re1 29. Rxe1 Rxe1 30. d4 Be7 31. c3 h5 32. Kc2 Bh4 33. Nf2 g5 34. Nd3 Re3 35. Kd1 b6 36. Ne5 Re1+ 37. Kc2 Kd8 38. Rd1 Re3 39. Rd3 Ke8 40. a3 a5 41. a4 Bg3 42. b4 axb4 43. cxb4 Be1 44. Rxe3 fxe3 45. Nd3 Bd2 46. g3 Kf7 47. b5 Ke6 48. Ne5 Kd5 49. Kd3 Bc1 50. f4 gxf4 51. gxf4 e2 52. Kxe2 Bxf4 53. Nc6 Ke4 0-1

[Event "Ufa Winter Cup City"]
[Site "Ufa"]
[Date "2013.12.14"]
[Round "1.5"]
[White "Iskhakov, Artur"]
[Black "Ivanov, Vladislav"]
[Result "0-1"]
[WhiteElo "1900"]
[BlackElo "1993"]
[PlyCount "80"]
[EventDate "2013.12.14"]
[EventType "tourn"]
[EventRounds "9"]
[EventCountry "RUS"]
[SourceTitle "EXT 2022"]
[Source "ChessBase"]
[SourceDate "2021.10.06"]
[SourceVersion "1"]
[SourceVersionDate "2021.10.06"]
[SourceQuality "1"]

1. b4 d5 2. Bb2 Bf5 3. e3 e6 4. Nf3 Nf6 5. a3 Bd6 6. c4 c6 7. c5 Bc7 8. d4 Nbd7 9. Nbd2 0-0 10. Be2 Re8 11. Nh4 Ne4 12. Nhf3 Bg6 13. 0-0 e5 14. Rc1 exd4 15. Bxd4 Ne5 16. Nxe5 Bxe5 17. Nf3 Bxd4 18. Nxd4 Qd7 19. b5 Reb8 20. Qa4 Rc8 21. Rfd1 Ng5 22. bxc6 bxc6 23. Rf1 Ne6 24. Bg4 Rab8 25. f4 Be4 26. Rfd1 Rb2 27. Bh3 Qe8 28. Nb3 Rb8 29. Nd2 Bd3 30. Bg4 Nxc5 31. Qd4 Rxd2 32. Qxc5 Rxd1+ 33. Rxd1 Be4 34. Qxa7 Rb2 35. Bf3 h6 36. Rc1 Bxf3 37. gxf3 Qe6 38. Qa6 Qg6+ 39. Kf1 Qg2+ 40. Ke1 Qf2+ 0-1

[Event "Izhevsk Corporation Cup 5th"]
[Site "Izhevsk"]
[Date "2013.07.13"]
[Round "2"]
[White "Faizrakhmanov, Ramil"]
[Black "Ivanov, Vladislav"]
[Result "1-0"]
[WhiteElo "2349"]
[BlackElo "1996"]
[PlyCount "119"]
[EventDate "2013.07.11"]
[EventType "swiss"]
[EventRounds "9"]
[EventCountry "RUS"]
[SourceTitle "EXT 2014"]
[Source "ChessBase"]
[SourceDate "2013.11.20"]
[SourceVersion "1"]
[SourceVersionDate "2013.11.20"]
[SourceQuality "1"]

1. d4 Nc6 2. Nf3 d6 3. g3 Nf6 4. c4 g6 5. Bg2 Bg7 6. 0-0 0-0 7. Nc3 Bf5 8. Nh4 Bd7 9. e4 e5 10. d5 Nd4 11. Be3 c5 12. dxc6 Bxc6 13. Re1 Re8 14. h3 a6 15. a4 a5 16. Rb1 Nd7 17. Nf3 Nxf3+ 18. Bxf3 Nc5 19. b3 f5 20. Bg2 Nxe4 21. Bxe4 fxe4 22. Nd5 Ra6 23. Qd2 Qd7 24. h4 Kh8 25. Rbd1 Bxd5 26. Qxd5 Qc6 27. Bc1 Rb6 28. Qxc6 Rxc6 29. Rxe4 Kg8 30. Ba3 Rd8 31. Rd5 b6 32. Kg2 Kf7 33. f4 exf4 34. Rxf4+ Ke6 35. Re4+ Kd7 36. h5 Bf6 37. Kh3 Rg8 38. Rf4 Rf8 39. Bb2 Ke7 40. Bxf6+ Rxf6 41. Rxf6 Kxf6 42. hxg6 hxg6 43. Kg4 Kf7 44. Kg5 Kg7 45. Kf4 Kf6 46. Rb5 Ke7 47. Ke4 Ke6 48. Kd4 Ke7 49. Kd5 Kd7 50. g4 g5 51. Ke4 Rc8 52. Rxg5 Kc6 53. Rb5 Rf8 54. g5 Rf1 55. g6 Re1+ 56. Kf5 Rf1+ 57. Ke6 Re1+ 58. Kf6 Rf1+ 59. Rf5 Rg1 60. g7 1-0

[Event "Izhevsk Corporation Cup 5th"]
[Site "Izhevsk"]
[Date "2013.07.12"]
[Round "1"]
[White "Ivanov, Vladislav"]
[Black "Severiukhina, Zoja"]
[Result "1-0"]
[WhiteElo "1996"]
[BlackElo "2313"]
[PlyCount "31"]
[EventDate "2013.07.11"]
[EventType "swiss"]
[EventRounds "9"]
[EventCountry "RUS"]
[SourceTitle "EXT 2014"]
[Source "ChessBase"]
[SourceDate "2013.11.20"]
[SourceVersion "1"]
[SourceVersionDate "2013.11.20"]
[SourceQuality "1"]

1. e4 d6 2. Nc3 Nf6 3. f4 c5 4. Nf3 g6 5. Bc4 Bg7 6. 0-0 0-0 7. d3 Nc6 8. Qe1 Ne8 9. f5 e6 10. Bg5 Bf6 11. Qh4 Nd4 12. fxg6 fxg6 13. Nxd4 Bxd4+ 14. Kh1 Bf6 15. Bxf6 Nxf6 16. e5 1-0

[Event "Ufa Young Cup"]
[Site "Ufa"]
[Date "2012.10.12"]
[Round "8.3"]
[White "Afanasiev, Dmitry"]
[Black "Ivanov, Vladislav"]
[Result "0-1"]
[WhiteElo "1750"]
[BlackElo "1993"]
[PlyCount "106"]
[EventDate "2012.10.09"]
[EventType "swiss"]
[EventRounds "9"]
[EventCountry "RUS"]
[SourceTitle "EXT 2022"]
[Source "ChessBase"]
[SourceDate "2021.10.06"]
[SourceVersion "1"]
[SourceVersionDate "2021.10.06"]
[SourceQuality "1"]

1. e4 Nc6 2. d4 d5 3. Nc3 e6 4. e5 f6 5. exf6 Nxf6 6. Nf3 Bd6 7. Bg5 0-0 8. Be2 Qe8 9. 0-0 Bd7 10. Nb5 Ne4 11. Nxd6 cxd6 12. Bh4 Qh5 13. Bg3 Qh6 14. c3 Be8 15. Qc1 Nxg3 16. hxg3 Qf6 17. Qg5 Bg6 18. Qxf6 gxf6 19. Nh4 Kf7 20. Nxg6 hxg6 21. Rfe1 a6 22. Bg4 Rfe8 23. Kf1 Na5 24. Be2 Nc4 25. Bxc4 dxc4 26. Re4 d5 27. Rh4 Rh8 28. Ke2 g5 29. Rhh1 e5 30. Rad1 exd4 31. cxd4 b5 32. Kd2 Ke6 33. Rde1+ Kd6 34. Rh3 Rxh3 35. gxh3 Rh8 36. Rh1 b4 37. h4 Rh5 38. Rh2 a5 39. Rh1 a4 40. Kc2 Ke6 41. Re1+ Kf5 42. hxg5 Kxg5 43. Kd2 Rh2 44. Ke3 Kg4 45. Rc1 Rh7 46. Ke2 Re7+ 47. Kf1 Kf3 48. Rc2 Re6 49. a3 Rb6 50. Rc1 c3 51. axb4 cxb2 52. Rb1 Rxb4 53. Ke1 a3 0-1

[Event "Ufa Young Cup"]
[Site "Ufa"]
[Date "2012.10.12"]
[Round "7.1"]
[White "Ivanov, Vladislav"]
[Black "Sabirianov, Ainur"]
[Result "0-1"]
[WhiteElo "1897"]
[BlackElo "2047"]
[PlyCount "74"]
[EventDate "2012.10.09"]
[EventType "swiss"]
[EventRounds "9"]
[EventCountry "RUS"]
[SourceTitle "EXT 2022"]
[Source "ChessBase"]
[SourceDate "2021.10.06"]
[SourceVersion "1"]
[SourceVersionDate "2021.10.06"]
[SourceQuality "1"]

1. e4 c5 2. Nc3 d6 3. f4 Nc6 4. Nf3 Nf6 5. Bb5 Bd7 6. 0-0 a6 7. Bxc6 Bxc6 8. e5 Nd5 9. e6 fxe6 10. Ng5 Qd7 11. Qe2 Nc7 12. Re1 g6 13. Nxe6 Nxe6 14. Qxe6 Qxe6 15. Rxe6 Kd7 16. Re2 Bg7 17. d3 Rhf8 18. Ne4 Rae8 19. Ng5 e5 20. Nxh7 Rh8 21. Ng5 exf4 22. Rxe8 Rxe8 23. Kf1 Bf6 24. Nf3 g5 25. h3 Ke6 26. c3 Bb5 27. Ne1 Kf5 28. Bd2 g4 29. hxg4+ Kxg4 30. c4 Bc6 31. Bc3 Bxc3 32. bxc3 Kg3 33. Rb1 Bxg2+ 34. Nxg2 Rh8 35. Kg1 f3 36. Rb2 Rh2 37. Rxb7 f2+ 0-1

[Event "Ufa Young Cup"]
[Site "Ufa"]
[Date "2012.10.10"]
[Round "4.1"]
[White "Ivanov, Vladislav"]
[Black "Mingazov, Almaz"]
[Result "0-1"]
[WhiteElo "1897"]
[BlackElo "1912"]
[PlyCount "112"]
[EventDate "2012.10.09"]
[EventType "swiss"]
[EventRounds "9"]
[EventCountry "RUS"]
[SourceTitle "EXT 2022"]
[Source "ChessBase"]
[SourceDate "2021.10.06"]
[SourceVersion "1"]
[SourceVersionDate "2021.10.06"]
[SourceQuality "1"]

1. e4 c5 2. Nc3 d6 3. f4 Nc6 4. Nf3 g6 5. Bc4 Bg7 6. 0-0 e6 7. d3 Nge7 8. Qe1 0-0 9. f5 d5 10. Bb3 dxe4 11. f6 Bxf6 12. Nxe4 Bg7 13. Nxc5 Nd4 14. Ne4 Nef5 15. Kh1 Nxf3 16. Rxf3 Nd4 17. Rf2 a5 18. Nc3 b5 19. a4 Nxb3 20. cxb3 b4 21. Qe4 Ba6 22. Nb5 Bxb5 23. axb5 Qb6 24. Be3 Qxb5 25. d4 Rad8 26. Rc1 Qd5 27. Qc2 Bxd4 28. Rd1 Qe5 29. Bf4 Qc5 30. Qxc5 Bxc5 31. Rfd2 Rxd2 32. Rxd2 Rc8 33. g3 Bf8 34. Bg5 Bg7 35. Kg2 Kf8 36. Bd8 Ra8 37. Bb6 Ke8 38. Rc2 Bf8 39. Kf3 Bd6 40. Ke4 Kd7 41. Kd3 Ra6 42. Be3 f5 43. Rc1 Rc6 44. Ra1 Bc7 45. Bh6 e5 46. Bg7 Ke6 47. Re1 Kd5 48. Bh6 Bb6 49. Bg7 e4+ 50. Kd2 Bd4 51. Bxd4 Kxd4 52. Rf1 e3+ 53. Kd1 Kd3 54. Rf3 g5 55. g4 fxg4 56. Rg3 h5 0-1

[Event "Ufa Gumerov Memorial op"]
[Site "Ufa"]
[Date "2012.08.07"]
[Round "7"]
[White "Vildanov, Ruslan"]
[Black "Ivanov, Vladislav"]
[Result "0-1"]
[WhiteElo "1966"]
[BlackElo "2001"]
[PlyCount "97"]
[EventDate "2012.08.01"]
[EventType "swiss"]
[EventRounds "9"]
[EventCountry "RUS"]
[SourceTitle "EXT 2013"]
[Source "ChessBase"]
[SourceDate "2012.11.22"]
[SourceVersion "1"]
[SourceVersionDate "2012.11.22"]
[SourceQuality "1"]

1. e4 Nc6 2. Nf3 d6 3. d4 Nf6 4. Nc3 g6 5. h3 Bg7 6. Be3 0-0 7. Qd2 a6 8. Bh6 b5 9. Bxg7 Kxg7 10. Bd3 e5 11. d5 Ne7 12. a4 b4 13. Ne2 a5 14. b3 c6 15. dxc6 Nxc6 16. Rd1 Qc7 17. 0-0 Bb7 18. Ng3 Ne7 19. Qe3 Ba6 20. Nh4 h6 21. f4 Qa7 22. Qxa7 Rxa7 23. fxe5 dxe5 24. Nf3 Bxd3 25. cxd3 Nd7 26. d4 exd4 27. Nxd4 Ne5 28. Nb5 Rd7 29. Rxd7 Nxd7 30. Nd6 Ne5 31. Nb7 N7c6 32. Rd1 Rb8 33. Nc5 Rd8 34. Rd5 Kf8 35. Kf2 Ke7 36. Rxd8 Kxd8 37. Ke3 Ke7 38. Ne2 Kd8 39. Nb7+ Kc7 40. Nc5 Kb6 41. Nd3 Nxd3 42. Kxd3 Kc5 43. Nf4 Nd4 44. e5 Nxb3 45. e6 fxe6 46. Nxe6+ Kd6 47. Nd8 Kd5 48. Nf7 Nc5+ 49. Kc2 0-1

[Event "Ufa Gumerov Memorial op"]
[Site "Ufa"]
[Date "2012.08.06"]
[Round "6"]
[White "Ivanov, Vladislav"]
[Black "Khaziev, Anvar"]
[Result "1/2-1/2"]
[WhiteElo "2001"]
[BlackElo "1891"]
[PlyCount "138"]
[EventDate "2012.08.01"]
[EventType "swiss"]
[EventRounds "9"]
[EventCountry "RUS"]
[SourceTitle "EXT 2013"]
[Source "ChessBase"]
[SourceDate "2012.11.22"]
[SourceVersion "1"]
[SourceVersionDate "2012.11.22"]
[SourceQuality "1"]

1. e4 c5 2. Nc3 a6 3. f4 e6 4. Nf3 d6 5. d4 cxd4 6. Qxd4 Nf6 7. Bd3 Be7 8. Qf2 Nbd7 9. 0-0 b6 10. e5 dxe5 11. Nxe5 0-0 12. Nc6 Bc5 13. Nxd8 Bxf2+ 14. Rxf2 Rxd8 15. Be2 Bb7 16. Be3 b5 17. a3 Rdc8 18. Rd1 Nc5 19. Rff1 Kf8 20. Bd4 Nfd7 21. Rd2 Ke7 22. Rfd1 Nf6 23. Be5 Nce4 24. Nxe4 Bxe4 25. c3 Bd5 26. Rd4 Nd7 27. R4d2 Nxe5 28. fxe5 Ra7 29. Bf3 Bb3 30. Re1 Rc5 31. Kf2 Rd7 32. Rxd7+ Kxd7 33. Re2 Ke7 34. g3 a5 35. Re1 f6 36. exf6+ gxf6 37. Re2 Bd5 38. Rd2 Bxf3 39. Kxf3 h5 40. Rd3 e5 41. Ke4 Ke6 42. Rd8 f5+ 43. Ke3 h4 44. gxh4 f4+ 45. Kf3 Rd5 46. Rxd5 Kxd5 47. h5 Ke6 48. h6 Kf6 49. b3 Kg6 50. c4 a4 51. c5 axb3 52. c6 b2 53. c7 b1Q 54. c8Q Qd3+ 55. Kf2 Qd2+ 56. Kf1 Qd3+ 57. Kf2 Qe3+ 58. Kf1 Qd3+ 59. Kf2 Qd4+ 60. Kg2 Qd5+ 61. Kf2 Kxh6 62. Qf8+ Kg6 63. Qe7 Qd4+ 64. Kf1 Qd3+ 65. Kf2 Qe3+ 66. Kf1 Qf3+ 67. Kg1 Qd5 68. h4 Kf5 69. Kf2 Qd2+ 1/2-1/2

[Event "Ufa Gumerov Memorial op"]
[Site "Ufa"]
[Date "2012.08.02"]
[Round "2"]
[White "Ivanov, Vladislav"]
[Black "Taztdinov, Robert"]
[Result "0-1"]
[WhiteElo "2001"]
[BlackElo "2191"]
[PlyCount "56"]
[EventDate "2012.08.01"]
[EventType "swiss"]
[EventRounds "9"]
[EventCountry "RUS"]
[SourceTitle "EXT 2013"]
[Source "ChessBase"]
[SourceDate "2012.11.22"]
[SourceVersion "1"]
[SourceVersionDate "2012.11.22"]
[SourceQuality "1"]

1. e4 c5 2. Nc3 Nc6 3. Bb5 Nd4 4. Bc4 g6 5. Nf3 Bg7 6. Nxd4 cxd4 7. Qf3 Nf6 8. Nb5 d5 9. exd5 Ng4 10. Qg3 0-0 11. c3 Ne5 12. Bb3 Bf5 13. Nxd4 Nd3+ 14. Kf1 Bxd4 15. cxd4 Rc8 16. Ke2 Qb6 17. Qe3 Qa6 18. Kf3 Rc7 19. g4 Bd7 20. d6 exd6 21. h4 Rfc8 22. h5 Bc6+ 23. d5 Bb5 24. hxg6 fxg6 25. Qe6+ Kg7 26. Kg3 Re8 27. Rxh7+ Kxh7 28. Qf6 Qb6 0-1

[Event "Varna op 6th"]
[Site "Varna"]
[Date "2012.07.17"]
[Round "6"]
[White "Hristov, Boris"]
[Black "Ivanov, Vladislav"]
[Result "1-0"]
[WhiteElo "1707"]
[BlackElo "1983"]
[PlyCount "57"]
[EventDate "2012.07.11"]
[EventType "swiss"]
[EventRounds "9"]
[EventCountry "BUL"]
[SourceTitle "CBM 149 Extra"]
[Source "ChessBase"]
[SourceDate "2012.08.24"]
[SourceVersion "1"]
[SourceVersionDate "2012.08.24"]
[SourceQuality "1"]

1. Nf3 Nf6 2. b4 e6 3. a3 Be7 4. Bb2 0-0 5. c4 d5 6. e3 b6 7. Nc3 Bb7 8. Rc1 c5 9. b5 a6 10. d4 cxd4 11. Nxd4 Nbd7 12. Bd3 Nc5 13. 0-0 a5 14. Nce2 Rc8 15. Ng3 Rc7 16. Bb1 Qc8 17. Nf3 dxc4 18. Be5 Rd7 19. Qc2 g6 20. Qxc4 Bxf3 21. gxf3 Qb7 22. Qf4 Nd5 23. Qh6 Bf6 24. Bd4 Bxd4 25. exd4 Nb3 26. Rc4 Nf6 27. Be4 Nxe4 28. Nxe4 Rxd4 29. Nf6+ 1-0

[Event "Varna op 6th"]
[Site "Varna"]
[Date "2012.07.16"]
[Round "5"]
[White "Ivanov, Vladislav"]
[Black "Sotirov, Ilia"]
[Result "0-1"]
[WhiteElo "1983"]
[BlackElo "1802"]
[PlyCount "56"]
[EventDate "2012.07.11"]
[EventType "swiss"]
[EventRounds "9"]
[EventCountry "BUL"]
[SourceTitle "CBM 149 Extra"]
[Source "ChessBase"]
[SourceDate "2012.08.24"]
[SourceVersion "1"]
[SourceVersionDate "2012.08.24"]
[SourceQuality "1"]

1. e4 e5 2. Nf3 Nc6 3. Bb5 a6 4. Ba4 Nf6 5. 0-0 Be7 6. Nc3 d6 7. d4 0-0 8. d5 Nb8 9. Be3 Ng4 10. Qd2 Nxe3 11. Qxe3 Nd7 12. Rab1 Nc5 13. Bb3 f5 14. h3 b5 15. a3 Bb7 16. Ba2 Kh8 17. b4 Nxe4 18. Nxe4 fxe4 19. Qxe4 Rf4 20. Qd3 Qf8 21. Rfe1 Bc8 22. Qc3 Ra7 23. Re2 Bxh3 24. Rd1 Bg4 25. Qe3 Ra8 26. Bb1 Bxf3 27. gxf3 Rxf3 28. Qd2 Qf5 0-1

[Event "Sterlitamak Rochinskiy op"]
[Site "Sterlitamak"]
[Date "2012.06.30"]
[Round "9"]
[White "Ivanov, Vladislav"]
[Black "Gataullin, Artur"]
[Result "1-0"]
[WhiteElo "1897"]
[BlackElo "2064"]
[PlyCount "71"]
[EventDate "2012.06.22"]
[EventType "swiss"]
[EventRounds "9"]
[EventCountry "RUS"]
[SourceTitle "EXT 2013"]
[Source "ChessBase"]
[SourceDate "2012.11.22"]
[SourceVersion "1"]
[SourceVersionDate "2012.11.22"]
[SourceQuality "1"]

1. e4 e5 2. Nf3 Nc6 3. Nc3 Nf6 4. d4 exd4 5. Nxd4 Nxd4 6. Qxd4 d6 7. Bf4 Be7 8. 0-0-0 Be6 9. Bb5+ Bd7 10. Bxd7+ Qxd7 11. e5 Nh5 12. exd6 cxd6 13. Bxd6 0-0 14. Bxe7 Qxe7 15. Kb1 Qg5 16. Qd5 Qg6 17. Qxb7 Rab8 18. Qxa7 Qxg2 19. Qd4 Qh3 20. Rd3 Qg2 21. Qd5 Qg6 22. Qf3 Kh8 23. a4 Rb4 24. b3 Rf4 25. Qe3 h6 26. Rhd1 Qf5 27. Rd5 Qg4 28. Rxh5 Rf3 29. Qe7 Rg8 30. Rh4 Qg2 31. Qe5 f6 32. Qd4 Rxf2 33. Qe4 Qg5 34. Rh3 f5 35. Qe3 Rf4 36. Rg1 1-0

[Event "Sterlitamak Rochinskiy op"]
[Site "Sterlitamak"]
[Date "2012.06.29"]
[Round "8"]
[White "Evseev, Egor"]
[Black "Ivanov, Vladislav"]
[Result "0-1"]
[WhiteElo "1506"]
[BlackElo "1897"]
[PlyCount "70"]
[EventDate "2012.06.22"]
[EventType "swiss"]
[EventRounds "9"]
[EventCountry "RUS"]
[SourceTitle "EXT 2013"]
[Source "ChessBase"]
[SourceDate "2012.11.22"]
[SourceVersion "1"]
[SourceVersionDate "2012.11.22"]
[SourceQuality "1"]

1. e4 Nc6 2. Nf3 d6 3. d4 Nf6 4. Nc3 g6 5. d5 Nb8 6. Be3 Bg7 7. Be2 0-0 8. 0-0 c6 9. h3 Nbd7 10. dxc6 bxc6 11. Qd2 Re8 12. Rad1 Qa5 13. Nd4 Bb7 14. f3 a6 15. Bh6 Bh8 16. Kh1 Qc7 17. Nf5 Nf8 18. Bxf8 Kxf8 19. Qh6+ Kg8 20. Qg5 Rad8 21. Bc4 e6 22. Nh6+ Kf8 23. f4 d5 24. exd5 cxd5 25. Bd3 d4 26. Ne2 Nd5 27. Rf2 Bf6 28. Qg3 Ne3 29. Rc1 Qe7 30. f5 exf5 31. Bxf5 Bh4 32. Bxg6 Bxg3 33. Rxf7+ Qxf7 34. Bxf7 Re5 35. Nxg3 Rd6 0-1

[Event "Sterlitamak Rochinskiy op"]
[Site "Sterlitamak"]
[Date "2012.06.28"]
[Round "7"]
[White "Ivanov, Vladislav"]
[Black "Fakhrutdinov, Timur"]
[Result "0-1"]
[WhiteElo "1897"]
[BlackElo "2046"]
[PlyCount "101"]
[EventDate "2012.06.22"]
[EventType "swiss"]
[EventRounds "9"]
[EventCountry "RUS"]
[SourceTitle "EXT 2013"]
[Source "ChessBase"]
[SourceDate "2012.11.22"]
[SourceVersion "1"]
[SourceVersionDate "2012.11.22"]
[SourceQuality "1"]

1. e4 c5 2. Nc3 e6 3. f4 d5 4. exd5 exd5 5. Bb5+ Nc6 6. Nf3 Nf6 7. Bxc6+ bxc6 8. d3 Be7 9. 0-0 0-0 10. Ne5 Qc7 11. Qf3 Bd6 12. Re1 Nd7 13. Nxd7 Bxd7 14. Bd2 Qb6 15. Na4 Qb5 16. b3 c4 17. dxc4 dxc4 18. Nb2 cxb3 19. cxb3 Be6 20. Bc3 Bd5 21. Qg3 f6 22. Nd1 Qc5+ 23. Kh1 g5 24. Bd2 Rae8 25. Qf2 Rxe1+ 26. Qxe1 gxf4 27. Qe2 Be5 28. Rc1 Qd6 29. Nc3 f3 30. gxf3 Bxf3+ 31. Qxf3 Qxd2 32. Qg2+ Qxg2+ 33. Kxg2 Rd8 34. Rc2 f5 35. Na4 Rd6 36. Nc5 Rg6+ 37. Kf3 Rh6 38. Re2 Rh3+ 39. Kg2 Rxh2+ 40. Kf1 Rxe2 41. Kxe2 Kf7 42. Nd3 Bd6 43. Kf3 Ke6 44. Nb2 h5 45. Nc4 Bc7 46. Kg2 Kd5 47. Kh3 Bd8 48. Kg3 Bg5 49. Kf3 h4 50. Kf2 Bd8 51. Kf3 0-1

[Event "Sterlitamak Rochinskiy op"]
[Site "Sterlitamak"]
[Date "2012.06.25"]
[Round "4"]
[White "Lapin, Dmitriy"]
[Black "Ivanov, Vladislav"]
[Result "0-1"]
[WhiteElo "2090"]
[BlackElo "1897"]
[PlyCount "97"]
[EventDate "2012.06.22"]
[EventType "swiss"]
[EventRounds "9"]
[EventCountry "RUS"]
[SourceTitle "EXT 2013"]
[Source "ChessBase"]
[SourceDate "2012.11.22"]
[SourceVersion "1"]
[SourceVersionDate "2012.11.22"]
[SourceQuality "1"]

1. e4 Nc6 2. Nf3 d6 3. d4 Nf6 4. Nc3 g6 5. h3 Bg7 6. Be3 0-0 7. Qd2 a6 8. Bd3 e5 9. 0-0-0 exd4 10. Nxd4 Re8 11. f3 Ne5 12. Be2 Be6 13. f4 Nc4 14. Nxe6 Nxd2 15. Nxd8 Ndxe4 16. Nxe4 Rxe4 17. Rd3 Rxd8 18. Bf3 Re7 19. Bxb7 c5 20. Bf3 Nd7 21. c4 Rb8 22. b3 Nf6 23. Bf2 Ne4 24. Bxe4 Rxe4 25. Rxd6 Rxf4 26. Bxc5 Bf8 27. Rb6 Re8 28. Bxf8 Kxf8 29. Rd1 Re2 30. Rd2 Rxd2 31. Kxd2 Rf2+ 32. Kc3 Rxa2 33. Rb7 Rxg2 34. Kb4 Ke8 35. Ka5 f5 36. Rxh7 f4 37. Rh8+ Ke7 38. Rh7+ Ke6 39. Rh8 Ra2+ 40. Kb4 Rh2 41. c5 f3 42. Rg8 Ke7 43. Rg7+ Kf6 44. Ra7 f2 45. Rxa6+ Ke5 46. Ra1 Rxh3 47. Rf1 Rf3 48. Ka5 g5 49. b4 0-1

[Event "Ufa-ch sf2"]
[Site "Ufa"]
[Date "2012.05.29"]
[Round "9"]
[White "Selegenenko, Vladimir"]
[Black "Ivanov, Vladislav"]
[Result "1-0"]
[WhiteElo "2129"]
[BlackElo "1897"]
[PlyCount "119"]
[EventDate "2012.05.21"]
[EventType "swiss"]
[EventRounds "9"]
[EventCountry "RUS"]
[SourceTitle "EXT 2014"]
[Source "ChessBase"]
[SourceDate "2013.11.20"]
[SourceVersion "1"]
[SourceVersionDate "2013.11.20"]
[SourceQuality "1"]

1. d4 Nc6 2. Nf3 d6 3. e4 Nf6 4. d5 Nb8 5. Bd3 g6 6. c4 Bg7 7. h3 0-0 8. Nc3 c6 9. 0-0 cxd5 10. cxd5 Nbd7 11. Be3 Nc5 12. Bc2 b6 13. Nd4 Bb7 14. b4 Na6 15. Rb1 Rc8 16. Ncb5 Ra8 17. Bd3 Qd7 18. Qb3 Rfc8 19. Rbc1 Nc7 20. Nxc7 Rxc7 21. Bb5 Qd8 22. Rxc7 Qxc7 23. Rc1 Qd8 24. Nc6 Qf8 25. Qd3 a6 26. Ba4 b5 27. Bb3 Nd7 28. f4 Rc8 29. a4 bxa4 30. Bxa4 Nb8 31. Rc2 Qe8 32. Na7 Qxa4 33. Nxc8 Qxb4 34. Nxe7+ Kf8 35. Nc6 Qb1+ 36. Kh2 Nd7 37. Nb8 Nc5 38. Bxc5 dxc5 39. Nd7+ Kg8 40. Nxc5 Bc8 41. Ne6 Qb8 42. Nxg7 Bd7 43. e5 Kxg7 44. Qxa6 Qb3 45. Qf6+ Kh6 46. Rd2 Qc3 47. Re2 Bb5 48. Rf2 Qd4 49. Qh4+ Kg7 50. d6 Bd7 51. Qg3 Kf8 52. Re2 Qc4 53. Rd2 Kg7 54. Qe3 Qb4 55. Qd4 Qxd4 56. Rxd4 Kf8 57. Rb4 f6 58. Rb8+ Kf7 59. Rb7 Ke6 60. Rxd7 1-0

[Event "Ufa-ch sf2"]
[Site "Ufa"]
[Date "2012.05.25"]
[Round "5"]
[White "Ivanov, Vladislav"]
[Black "Bulgakov, Airat"]
[Result "1-0"]
[WhiteElo "1897"]
[BlackElo "1949"]
[PlyCount "36"]
[EventDate "2012.05.21"]
[EventType "swiss"]
[EventRounds "9"]
[EventCountry "RUS"]
[SourceTitle "EXT 2014"]
[Source "ChessBase"]
[SourceDate "2013.11.20"]
[SourceVersion "1"]
[SourceVersionDate "2013.11.20"]
[SourceQuality "1"]

1. e4 e6 2. d4 b6 3. Nf3 Bb7 4. Bd3 Nf6 5. Qe2 c5 6. d5 d6 7. 0-0 e5 8. Ne1 Be7 9. f4 exf4 10. Bxf4 0-0 11. Nd2 a6 12. a4 Nbd7 13. Nef3 Re8 14. h3 Nf8 15. Bh2 Ng6 16. Rae1 Nd7 17. Qf2 Rf8 18. Nc4 Qc7 1-0

[Event "Ufa-ch U18"]
[Site "Ufa"]
[Date "2012.02.23"]
[Round "7"]
[White "Yusupov, Marat"]
[Black "Ivanov, Vladislav"]
[Result "0-1"]
[WhiteElo "1812"]
[BlackElo "1897"]
[PlyCount "74"]
[EventDate "2012.02.17"]
[EventType "tourn"]
[EventRounds "9"]
[EventCountry "RUS"]
[SourceTitle "EXT 2014"]
[Source "ChessBase"]
[SourceDate "2013.11.20"]
[SourceVersion "1"]
[SourceVersionDate "2013.11.20"]
[SourceQuality "1"]

1. d4 Nc6 2. Nf3 d6 3. Bg5 h6 4. Bh4 g5 5. Bg3 Bg7 6. c3 f5 7. e3 Nf6 8. c4 0-0 9. Nc3 e6 10. Be2 Qe7 11. 0-0 Bd7 12. h4 g4 13. Nd2 Nh5 14. Nb3 Bf6 15. Bh2 Bxh4 16. d5 Ne5 17. Bxe5 dxe5 18. g3 Bg5 19. Kg2 Rad8 20. Qc2 Nf6 21. Nc1 c6 22. Qb3 cxd5 23. cxd5 exd5 24. Qxb7 Rb8 25. Qxa7 Ra8 26. Qb7 Rfb8 27. Nxd5 Rxb7 28. Nxe7+ Kf7 29. Nxf5 Bxf5 30. Nd3 Be4+ 31. Kg1 Bxd3 32. Bxd3 Rxb2 33. Rfd1 h5 34. Rab1 Rab8 35. Rxb2 Rxb2 36. a4 h4 37. Kg2 Bxe3 0-1

[Event "Ufa-ch U18"]
[Site "Ufa"]
[Date "2012.02.21"]
[Round "5"]
[White "Timofeev, Pavel"]
[Black "Ivanov, Vladislav"]
[Result "0-1"]
[WhiteElo "1800"]
[BlackElo "1897"]
[PlyCount "66"]
[EventDate "2012.02.17"]
[EventType "tourn"]
[EventRounds "9"]
[EventCountry "RUS"]
[SourceTitle "EXT 2014"]
[Source "ChessBase"]
[SourceDate "2013.11.20"]
[SourceVersion "1"]
[SourceVersionDate "2013.11.20"]
[SourceQuality "1"]

1. e4 Nc6 2. Nf3 d6 3. Bc4 Nf6 4. Nc3 g6 5. d4 Bg7 6. Be3 0-0 7. 0-0 Nxe4 8. Bxf7+ Rxf7 9. Nxe4 Bf5 10. Neg5 Rf8 11. Nh4 Bd7 12. Qd3 Qe8 13. f4 e6 14. c3 Ne7 15. Bd2 h6 16. Nh3 Nf5 17. Nf3 Qf7 18. Rae1 Rae8 19. g4 Ne7 20. Nh4 a6 21. Rf2 Kh8 22. d5 exd5 23. Rxe7 Rxe7 24. Nxg6+ Kg8 25. Nxe7+ Qxe7 26. Qg3 Qe4 27. f5 Bc6 28. Qf4 Qd3 29. Qe3 Qb1+ 30. Qe1 Qe4 31. Qxe4 dxe4 32. Nf4 Re8 33. Ne6 Bd7 0-1